LEADER 00731naa a2200193 u 4500 001 000000094614 003 CaOOAMICUS 005 20070226130139.0 008 040505s1976 it u000 u ita u 035 $a10993492 040 $aIAR$bita 100 1 $aFranceschini, Ezio,$d1906-1983.$0(OLS)http://pul/name/6895 245 13$aIl teatro post-carolingio /$cEzio Franceschini. 260 $aPadova :$bEditrice Antenore,$c1976. 300 $aS. 788-801, ;$c26 cm 773 0 $aScritti di filologia latina medievale. 773 0 $aFranceschini, Ezio.$tScritti di filologia latina medievale$w()6792 996 $6245$aIl teatro post-carolingio$9(OLS)http://pul/title/121484 996 $6260$aPadova :$bEditrice Antenore$9(OLS)http://pul/publisher/48699 LEADER 01087nam a2200277 a 4500 001 000000168419 003 CaOOAMICUS 005 20180620155221.0 008 180620s1977 it u000 u ita r 032 $aLibriCat 040 $aPUL$bita 100 1 $aCervellati, Pier Luigi.$0(OLS)http://pul/name/91014 245 12$aI centri storici / $cPier Luigi Cervellati, Mariangela Miliari. 260 $aRimini ;$aFirenze :$bGuaraldi,$cİ1977. 300 $a119 p. ;$c19 cm. 490 1 $aLe guide guaraldi ;$v09 504 $aBibliografia in appendice. 650 4$aUrbanistica.$0(OLS)http://pul/subject/3430 700 1 $aMiliari, Mariangela.$0(OLS)http://pul/name/108474 830 3$aLe guide Guaraldi ;$v09.$0(OLS)http://pul/title/91338 850 $aPUL 852 $aPUL$W1$xDP1 Fondo Dalla Palma$y117$m8 A 68$j163467$qFondi$B196321$CPULBib$Z2$F196321 $HDal3243 $81 941 1 $a1 996 $6245$aI centri storici / $9(OLS)http://pul/title/208783 996 $6260$aRimini ;$aFirenze :$bGuaraldi$9(OLS)http://pul/publisher/72485